| 000 | 00499 a2200181 4500 | ||
|---|---|---|---|
| 005 | 20240515113212.0 | ||
| 010 | _aB-759036-39 | ||
| 020 | _c0.00 | ||
| 035 | _aB-759036-39 | ||
| 037 | _bGift/Unesco | ||
| 082 | _a614.5492 | ||
| 245 |
_aIndia's Story of Triumph Over Polio/ _cUNICEF |
||
| 260 |
_aNew Delhi _bUNICEF _c2014 |
||
| 270 | _bNew Delhi | ||
| 300 |
_a201 p. _c28cm (Hb) |
||
| 942 |
_adpl _cEN _2ddc _h614.5492 _mIND |
||
| 999 |
_c202855 _d202855 |
||